| 000 | 00416nam a2200181Ia 4500 | ||
|---|---|---|---|
| 005 | 20250423100726.0 | ||
| 008 | 250422s9999 xx 000 0 und d | ||
| 020 | _a978-064-692-2 | ||
| 050 | _aPR 9387.9 .A34354 P87/ | ||
| 100 | _aAdichie, Chimamanda Ngozi | ||
| 245 | 0 | _aPurple hibiscus | |
| 260 | _aLagos | ||
| 260 | _bFarafina | ||
| 260 | _c2006 | ||
| 300 | _a297 p | ||
| 650 | _aLiterature | ||
| 942 | _cBK | ||
| 999 |
_c34165 _d34165 |
||